000 00490nam a2200181Ia 4500
005 20250508151711.0
008 008 250505s9999 xx 000 0 eng d
037 _aTextual
040 _aFEDL
_beng
_cFEDL
041 _aeng
_2eng
084 _a395.2, MCC
_qFEDL
100 _aMcCrory Mae
_9759767
245 0 _aTravel in the city
300 _a32p.
650 _aEducational - Guideance and Counseling
_9757599
942 _cTEXL
_h395.2, MCC
999 _c1331527
_d1331527